[Event "Copenhagen Chess Challenge 2015"]
[Site "Ballerup"]
[Date "2015.??.??"]
[Round "8"]
[White "Semcesen, Daniel"]
[Black "Tari, Aryan"]
[Result "1-0"]
[WhiteElo "2481"]
[BlackElo "2513"]
[PlyCount "81"]
[EventDate "2015.??.??"]
[EventType "swiss"]
[EventRounds "9"]
[EventCountry "DEN"]

1. d4 Nf6 2. c4 g6 3. f3 d5 4. cxd5 Nxd5 5. e4 Nb6 6. Nc3 Bg7 7. Be3 O-O 8. Qd2
Nc6 9. O-O-O Qd6 10. Kb1 Rd8 11. Nb5 Qd7 12. d5 a6 13. Nc3 Qe8 14. Qc1 Na5 15.
h4 e6 16. Bg5 f6 17. Bh6 Bxh6 18. Qxh6 exd5 19. h5 Be6 20. Bd3 d4 21. hxg6 Qxg6
22. Nce2 Qxh6 23. Rxh6 Kg7 24. Rh4 c5 25. b3 Nxb3 26. Nf4 Bf7 27. axb3 Bxb3 28.
Bc2 Bf7 29. Nge2 Nc4 30. Ng3 Ne3 31. Nf5+ Nxf5 32. exf5 c4 33. Be4 d3 34. Rdh1
Rh8 35. Rg4+ Kf8 36. Ng6+ Bxg6 37. fxg6 Ke7 38. g7 Rhd8 39. Bxh7 c3 40. g8=Q
c2+ 41. Kb2 1-0

[Event "Copenhagen Chess Challenge 2015"]
[Site "Ballerup"]
[Date "2015.??.??"]
[Round "8"]
[White "Fries Nielsen, Niels Jorgen"]
[Black "Gledura, Benjamin"]
[Result "0-1"]
[WhiteElo "2339"]
[BlackElo "2478"]
[PlyCount "50"]
[EventDate "2015.??.??"]
[EventType "swiss"]
[EventRounds "9"]
[EventCountry "DEN"]

1. d4 Nf6 2. Nf3 g6 3. g3 Bg7 4. Bg2 O-O 5. O-O d5 6. c4 c6 7. cxd5 cxd5 8. Nc3
Ne4 9. Ne5 Bf5 10. Qb3 Nc6 11. Nxc6 bxc6 12. Nxe4 Bxe4 13. Be3 Bxg2 14. Kxg2
Rb8 15. Qc3 Qb6 16. b3 c5 17. Rad1 Rfc8 18. dxc5 Qc6 19. Bd4 e5 20. e3 Re8 21.
Rd2 exd4 22. exd4 Re4 23. Rfd1 h5 24. b4 a6 25. a3 h4 0-1

[Event "Copenhagen Chess Challenge 2015"]
[Site "Ballerup"]
[Date "2015.??.??"]
[Round "8"]
[White "Shen, Victor"]
[Black "Ahlander, Bjorn"]
[Result "0-1"]
[WhiteElo "2394"]
[BlackElo "2372"]
[PlyCount "78"]
[EventDate "2015.??.??"]
[EventType "swiss"]
[EventRounds "9"]
[EventCountry "DEN"]

1. e4 c5 2. Nf3 d6 3. Bc4 e6 4. O-O Nf6 5. Re1 Be7 6. Bf1 O-O 7. c3 b6 8. d3
Ba6 9. h3 Nc6 10. Bf4 e5 11. Bh2 Re8 12. Qa4 Qc8 13. d4 Bxf1 14. Kxf1 exd4 15.
cxd4 d5 16. e5 Ne4 17. Nc3 Nxc3 18. bxc3 Qe6 19. Kg1 Rac8 20. Re3 h6 21. Rd1
cxd4 22. cxd4 Na5 23. Qb5 Rc6 24. Ne1 Rd8 25. Nd3 Rc4 26. Nf4 Qc6 27. Qb1 Qa4
28. e6 Qc2 29. exf7+ Kxf7 30. Qa1 Nc6 31. Re2 Qh7 32. Rde1 Bf6 33. Ne6 Rd7 34.
Qb2 Qd3 35. Re3 Qc2 36. Qa3 Nb4 37. Rf3 Qd2 38. Qe3 Qxe3 39. Rfxe3 Nc2 0-1

[Event "Copenhagen Chess Challenge 2015"]
[Site "Ballerup"]
[Date "2015.??.??"]
[Round "8"]
[White "Antonsen, Mikkel"]
[Black "Westerinen, Heikki"]
[Result "1-0"]
[WhiteElo "2472"]
[BlackElo "2305"]
[PlyCount "103"]
[EventDate "2015.??.??"]
[EventType "swiss"]
[EventRounds "9"]
[EventCountry "DEN"]

1. d4 Nf6 2. c4 g6 3. Nc3 Bg7 4. e4 d6 5. h3 O-O 6. Nf3 e5 7. d5 a5 8. Be3 Nbd7
9. g4 Nc5 10. Nd2 Ne8 11. h4 f5 12. g5 Nxe4 13. Ndxe4 fxe4 14. Nxe4 Rf4 15.
Bxf4 exf4 16. Qc2 Bg4 17. Bh3 Qd7 18. Qd3 a4 19. Rb1 Bf5 20. h5 Qe7 21. f3 Qxg5
22. Bxf5 Qxf5 23. hxg6 h6 24. Kd2 Nf6 25. Nc5 Qxd3+ 26. Nxd3 Nd7 27. Rbe1 Ne5
28. Nxe5 dxe5 29. Kd3 Ra6 30. Rhg1 Rb6 31. Re2 Kf8 32. Ke4 Ke7 33. c5 Rb5 34.
Rc1 Kf6 35. a3 Bf8 36. c6 bxc6 37. Rxc6+ Bd6 38. Ra6 h5 39. Rxa4 h4 40. Ra8
Kxg6 41. b4 Rb6 42. Rh2 Kg5 43. Rg2+ Kf6 44. Rag8 h3 45. R2g6+ Kf7 46. R8g7+
Kf8 47. Kf5 Ke8 48. Rh7 Ra6 49. Rxh3 Rxa3 50. Rg7 Rd3 51. Rh8+ Bf8 52. Ke6 1-0

[Event "Copenhagen Chess Challenge 2015"]
[Site "Ballerup"]
[Date "2015.??.??"]
[Round "8"]
[White "Englert, Fabian"]
[Black "Fries Nielsen, Jens Ove"]
[Result "0-1"]
[WhiteElo "2318"]
[BlackElo "2458"]
[PlyCount "60"]
[EventDate "2015.??.??"]
[EventType "swiss"]
[EventRounds "9"]
[EventCountry "DEN"]

1. e4 d6 2. d4 a6 3. f4 d5 4. e5 Bf5 5. Bd3 Bxd3 6. Qxd3 e6 7. Nf3 Nh6 8. O-O
c5 9. Be3 Nc6 10. dxc5 Qa5 11. Nbd2 Bxc5 12. Nd4 Nxd4 13. Bxd4 Bxd4+ 14. Qxd4
Rc8 15. Nb3 Qb5 16. a4 Qd7 17. Qb4 Rc4 18. Qa3 Nf5 19. c3 h5 20. Nd2 Rc7 21.
Nf3 h4 22. Nd4 g6 23. Nxf5 gxf5 24. Rad1 h3 25. Rf3 hxg2 26. Rg3 Rc4 27. Rd4
Qc8 28. Rxc4 Qxc4 29. Rxg2 Qe4 30. h3 Qe3+ 0-1

[Event "Copenhagen Chess Challenge 2015"]
[Site "Ballerup"]
[Date "2015.??.??"]
[Round "8"]
[White "Arman, Deniz"]
[Black "Brynell, Stellan"]
[Result "0-1"]
[WhiteElo "2315"]
[BlackElo "2433"]
[PlyCount "84"]
[EventDate "2015.??.??"]
[EventType "swiss"]
[EventRounds "9"]
[EventCountry "DEN"]

1. e4 e6 2. d4 d5 3. e5 c5 4. c3 Nc6 5. Nf3 Bd7 6. Bd3 cxd4 7. cxd4 Qb6 8. O-O
Nxd4 9. Nxd4 Qxd4 10. Nc3 a6 11. Qe2 Ne7 12. Kh1 Nc6 13. f4 Nb4 14. Rd1 Bc5 15.
Bb5 Qf2 16. Bxd7+ Kxd7 17. Qh5 Nd3 18. Qxf7+ Kc8 19. Be3 Qxe3 20. Rxd3 Qxd3 21.
Qxe6+ Kb8 22. Rd1 Qc4 23. Qxd5 Qxd5 24. Rxd5 Bb4 25. Ne4 Kc7 26. Ng5 Kc6 27.
Rd1 Rhd8 28. Rc1+ Kb6 29. h4 Rac8 30. Rf1 Rd2 31. Rf3 Be7 32. Ne6 g6 33. h5 Rc6
34. Ng7 Rxb2 35. Rg3 Rxa2 36. Kh2 a5 37. f5 gxf5 38. Nxf5 Bc5 39. Rg7 Rf2 40.
Ng3 Bd4 41. Kh3 Bxe5 42. Ne4 Bxg7 0-1

[Event "Copenhagen Chess Challenge 2015"]
[Site "Ballerup"]
[Date "2015.??.??"]
[Round "8"]
[White "Haubro, Martin"]
[Black "Hagen, Andreas Skytte"]
[Result "0-1"]
[WhiteElo "2314"]
[BlackElo "2408"]
[PlyCount "46"]
[EventDate "2015.??.??"]
[EventType "swiss"]
[EventRounds "9"]
[EventCountry "DEN"]

1. e4 e6 2. d4 d5 3. Nd2 Nf6 4. e5 Nfd7 5. Bd3 c5 6. c3 Nc6 7. Ne2 cxd4 8. cxd4
f6 9. exf6 Nxf6 10. O-O Bd6 11. Nf3 O-O 12. Bf4 Bxf4 13. Nxf4 Ng4 14. g3 g5 15.
Ng2 Qf6 16. Be2 Nh6 17. Ne3 Nf5 18. Nxf5 exf5 19. Qd2 f4 20. gxf4 Qxf4 21. Qxf4
Rxf4 22. Rfd1 Bg4 23. Kg2 Re8 0-1

[Event "Copenhagen Chess Challenge 2015"]
[Site "Ballerup"]
[Date "2015.??.??"]
[Round "8"]
[White "Dijkhuis, Tycho"]
[Black "Kristensen, Kaare Hove"]
[Result "1-0"]
[WhiteElo "2288"]
[BlackElo "2380"]
[PlyCount "57"]
[EventDate "2015.??.??"]
[EventType "swiss"]
[EventRounds "9"]
[EventCountry "DEN"]

1. e4 c5 2. Nf3 d6 3. d4 cxd4 4. Nxd4 Nf6 5. Nc3 g6 6. Be3 a6 7. f3 b5 8. Qd2
Bb7 9. a4 e5 10. Nb3 b4 11. Na2 d5 12. Bg5 Nbd7 13. exd5 Qb6 14. O-O-O Bxd5 15.
Kb1 Be7 16. Bh6 Nc5 17. Qe3 O-O-O 18. a5 Qc7 19. Be2 Nxb3 20. cxb3 Kb7 21. Bg7
Bc5 22. Bxa6+ Kb8 23. Qe2 Bxb3 24. Rxd8+ Rxd8 25. Bxf6 Bxa2+ 26. Kxa2 Qxa5+ 27.
Kb1 Rd6 28. Bxe5 b3 29. Qb5+ 1-0

[Event "Copenhagen Chess Challenge 2015"]
[Site "Ballerup"]
[Date "2015.??.??"]
[Round "8"]
[White "Percivaldi, Martin"]
[Black "Stojanovski, Sandi"]
[Result "1-0"]
[WhiteElo "2333"]
[BlackElo "2232"]
[PlyCount "95"]
[EventDate "2015.??.??"]
[EventType "swiss"]
[EventRounds "9"]
[EventCountry "DEN"]

1. d4 Nf6 2. c4 e6 3. g3 d5 4. Nf3 Be7 5. Bg2 O-O 6. O-O c5 7. cxd5 exd5 8.
dxc5 Bxc5 9. Nc3 Nc6 10. Bg5 d4 11. Ne4 Be7 12. Nxf6+ Bxf6 13. Bxf6 Qxf6 14.
Ne1 Re8 15. Nd3 Bg4 16. Re1 Rad8 17. Qd2 Bf5 18. Qf4 g5 19. Qf3 Rd6 20. Rac1
Qg6 21. Nc5 Re7 22. g4 Bc8 23. Qg3 Rd8 24. Nd3 Qd6 25. Rc5 h6 26. Bf3 Qxg3+ 27.
hxg3 Rd6 28. Rec1 Bd7 29. b4 a6 30. Kf1 f6 31. Bd5+ Kf8 32. f3 Ke8 33. Be4 Nd8
34. Nf2 Bc6 35. Kg2 Kf7 36. a3 Bb5 37. R5c2 Nc6 38. Nd3 Ba4 39. Rb2 Na7 40. Nc5
Bc6 41. Bxc6 Nxc6 42. Ne4 Rd5 43. Rd2 a5 44. bxa5 Nxa5 45. Rc8 Nc6 46. Rh8 Kg7
47. Ra8 Rb5 48. Nd6 1-0

[Event "Copenhagen Chess Challenge 2015"]
[Site "Ballerup"]
[Date "2015.??.??"]
[Round "8"]
[White "Hector, Jonny"]
[Black "Nielsen, Thomas Bach"]
[Result "1-0"]
[WhiteElo "2486"]
[BlackElo "2197"]
[PlyCount "91"]
[EventDate "2015.??.??"]
[EventType "swiss"]
[EventRounds "9"]
[EventCountry "DEN"]

1. e4 c6 2. Nc3 d5 3. Nf3 dxe4 4. Nxe4 Nf6 5. Nxf6+ gxf6 6. g3 Bg4 7. h3 Bh5 8.
Bg2 e6 9. O-O Nd7 10. d4 Bg7 11. Be3 Nb6 12. Qe2 f5 13. c4 O-O 14. Rad1 Qe7 15.
Qc2 Rfd8 16. Rd2 Qb4 17. Rc1 Bxf3 18. Bxf3 Rd7 19. a3 Qe7 20. b4 Rad8 21. Rcd1
Qf6 22. Bg2 f4 23. gxf4 Bh6 24. a4 Bxf4 25. a5 Nc8 26. Qe4 Bxe3 27. fxe3 a6 28.
Rf2 Qg6 29. Qh4 Ne7 30. Rf4 Nf5 31. Qf2 Kh8 32. Rg4 Qh6 33. Re1 Rg8 34. d5 cxd5
35. cxd5 Rxg4 36. hxg4 Nh4 37. dxe6 fxe6 38. Rc1 Kg7 39. Rf1 Kg8 40. Qg3 Qg5
41. Be4 Ng6 42. Qf3 Kg7 43. Rf2 h5 44. Bxg6 Qxg6 45. Kh1 hxg4 46. Qf8+ 1-0

[Event "Copenhagen Chess Challenge 2015"]
[Site "Ballerup"]
[Date "2015.??.??"]
[Round "8"]
[White "Carstensen, Jacob"]
[Black "Eriksson, Christian Altenburg"]
[Result "1-0"]
[WhiteElo "2382"]
[BlackElo "2137"]
[PlyCount "71"]
[EventDate "2015.??.??"]
[EventType "swiss"]
[EventRounds "9"]
[EventCountry "DEN"]

1. d4 d5 2. c4 dxc4 3. Nf3 a6 4. e3 Nf6 5. Bxc4 e6 6. O-O c5 7. Qe2 b5 8. Bd3
Nc6 9. a4 c4 10. Bc2 Bb7 11. Nc3 b4 12. Ne4 Na5 13. Nxf6+ gxf6 14. e4 Rg8 15.
Bf4 Bd6 16. Bg3 Bxg3 17. hxg3 Qb6 18. Rac1 Bc6 19. d5 Bd7 20. dxe6 fxe6 21. e5
Rxg3 22. exf6 O-O-O 23. Bxh7 Rh8 24. Rxc4+ Nxc4 25. Qxc4+ Kd8 26. Qh4 Rxf3 27.
f7+ Kc8 28. gxf3 Qd6 29. Rc1+ Kb8 30. Rc4 Bxa4 31. Rd4 Qf8 32. Qf4+ Kc8 33.
Rc4+ Kb7 34. Qc7+ Ka8 35. Be4+ Bc6 36. Bxc6# 1-0

[Event "Copenhagen Chess Challenge 2015"]
[Site "Ballerup"]
[Date "2015.??.??"]
[Round "8"]
[White "Lien, Kjell Hakon"]
[Black "Christensen, Tobias"]
[Result "0-1"]
[WhiteElo "2054"]
[BlackElo "2358"]
[PlyCount "92"]
[EventDate "2015.??.??"]
[EventType "swiss"]
[EventRounds "9"]
[EventCountry "DEN"]

1. e4 c5 2. Nf3 d6 3. d4 cxd4 4. Nxd4 Nf6 5. Nc3 g6 6. Be3 Bg7 7. f3 O-O 8. Qd2
Nc6 9. g4 Nxd4 10. Bxd4 Be6 11. O-O-O Qa5 12. a3 Rab8 13. h4 b5 14. Nd5 Qxd2+
15. Rxd2 Bxd5 16. Bxf6 Bxf6 17. Rxd5 b4 18. axb4 Rxb4 19. c3 Ra4 20. h5 Rb8 21.
Kc2 Ra1 22. hxg6 fxg6 23. Bc4 Rxh1 24. Rd1+ Kg7 25. Rxh1 Be5 26. Bd5 Rc8 27.
Kd3 Bf4 28. b4 h6 29. b5 Kf6 30. Bc6 e6 31. Ke2 Rh8 32. Ra1 Rh7 33. Rh1 h5 34.
gxh5 gxh5 35. Kf2 Ke5 36. Rb1 h4 37. b6 axb6 38. Rxb6 h3 39. Rb7 Rh8 40. Rb1
Rc8 41. Ba4 Rxc3 42. Rh1 h2 43. Bd1 Rc8 44. Be2 Rg8 45. Bf1 Rg1 46. Bg2 Kd4 0-1

[Event "Copenhagen Chess Challenge 2015"]
[Site "Ballerup"]
[Date "2015.??.??"]
[Round "8"]
[White "Brondt, Nicolai Kvist"]
[Black "Veng, Johny"]
[Result "1/2-1/2"]
[WhiteElo "2146"]
[BlackElo "2304"]
[PlyCount "101"]
[EventDate "2015.??.??"]
[EventType "swiss"]
[EventRounds "9"]
[EventCountry "DEN"]

1. d4 Nf6 2. Nf3 e6 3. c4 b6 4. g3 Ba6 5. Qc2 Bb4+ 6. Bd2 Be7 7. Bg2 c6 8. O-O
d5 9. Ne5 Nfd7 10. cxd5 cxd5 11. Nd3 O-O 12. Rc1 Nf6 13. Bb4 Bxd3 14. Bxe7 Bxc2
15. Bxd8 Rxd8 16. Rxc2 Na6 17. Nc3 Rac8 18. Rac1 Nb4 19. Rd2 Rd7 20. a3 Na6 21.
Bf1 Nb8 22. Rdc2 Rdc7 23. f3 Kf8 24. e3 a6 25. Bd3 g6 26. Kf2 b5 27. a4 b4 28.
Na2 Rxc2+ 29. Rxc2 Rxc2+ 30. Bxc2 Nc6 31. Bd3 a5 32. Nc1 Nd7 33. Bb5 Ndb8 34.
Nb3 Ke7 35. e4 f6 36. Ke3 Kd6 37. Nc5 f5 38. e5+ Ke7 39. Nb3 g5 40. h4 h6 41.
hxg5 hxg5 42. Nc5 Nd8 43. Kd3 Nbc6 44. Nb3 Kf7 45. Ke3 Ke7 46. Nc5 Nb8 47. g4
f4+ 48. Kd3 Nbc6 49. Nb3 Kf7 50. Nc1 Ke7 51. Nb3 1/2-1/2

[Event "Copenhagen Chess Challenge 2015"]
[Site "Ballerup"]
[Date "2015.??.??"]
[Round "8"]
[White "Rishovd, Svein"]
[Black "Rydstrom, Tom"]
[Result "0-1"]
[WhiteElo "2033"]
[BlackElo "2286"]
[PlyCount "70"]
[EventDate "2015.??.??"]
[EventType "swiss"]
[EventRounds "9"]
[EventCountry "DEN"]

1. Nf3 d5 2. c4 c6 3. g3 Nf6 4. Bg2 e6 5. O-O Nbd7 6. b3 Bd6 7. d4 O-O 8. Bb2
b6 9. Nc3 Bb7 10. Nd2 c5 11. cxd5 exd5 12. Nc4 dxc4 13. Bxb7 Rb8 14. Bg2 b5 15.
bxc4 bxc4 16. Rb1 Qa5 17. dxc5 Be5 18. c6 Rxb2 19. Rxb2 Bxc3 20. Rc2 Nb6 21.
Qc1 Be5 22. Rd1 h6 23. h3 Kh7 24. Kh2 Rc8 25. Qe3 Re8 26. Qf3 Qc5 27. e3 h5 28.
Bf1 h4 29. Kg2 hxg3 30. fxg3 Rc8 31. Rxc4 Nxc4 32. Qf5+ g6 33. Qxc8 Nxe3+ 34.
Kf3 Nxd1 35. Qd8 Qf2# 0-1

[Event "Copenhagen Chess Challenge 2015"]
[Site "Ballerup"]
[Date "2015.??.??"]
[Round "8"]
[White "Tomaz, Tainan Pantano"]
[Black "Bekker Jensen, David"]
[Result "1/2-1/2"]
[WhiteElo "2018"]
[BlackElo "2261"]
[PlyCount "123"]
[EventDate "2015.??.??"]
[EventType "swiss"]
[EventRounds "9"]
[EventCountry "DEN"]

1. d4 Nf6 2. c4 g6 3. Nc3 Bg7 4. e4 d6 5. f3 O-O 6. Bg5 Nc6 7. Nge2 a6 8. Qd2
Na5 9. Ng3 b5 10. cxb5 axb5 11. Rc1 Nc4 12. Bxc4 bxc4 13. O-O c6 14. Kh1 Nd7
15. Rce1 c5 16. e5 dxe5 17. dxc5 Bb7 18. Rd1 Nxc5 19. Qxd8 Rfxd8 20. Rxd8+ Rxd8
21. Bxe7 Rc8 22. Bxc5 Rxc5 23. Rd1 f5 24. Rd7 Bc8 25. Ra7 Bf8 26. Kg1 Rc6 27.
Kf1 Bc5 28. Nd5 Bxa7 29. Ne7+ Kf7 30. Nxc6 Bc5 31. Nxe5+ Ke6 32. Nxc4 Kd5 33.
b3 h5 34. Ke1 h4 35. Ne2 g5 36. h3 Bb4+ 37. Kd1 Bb7 38. Kc2 Be1 39. Kd3 Kc5 40.
Nd4 g4 41. Ne6+ Kb4 42. Ng5 Bc3 43. Ke3 Bf6 44. Kf4 Bxg5+ 45. Kxg5 Bxf3 46.
Kxf5 Bxg2 47. Kxg4 Be4 48. Kxh4 Bb1 49. Nd2 Bxa2 50. Kg5 Kc3 51. Ne4+ Kd4 52.
Nf6 Bxb3 53. h4 Ke5 54. h5 Bc2 55. Ng4+ Ke6 56. Ne3 Bd3 57. Ng2 Kf7 58. Nh4 Be2
59. h6 Bd3 60. Nf5 Bxf5 61. Kxf5 Kg8 62. Kg6 1/2-1/2

[Event "Copenhagen Chess Challenge 2015"]
[Site "Ballerup"]
[Date "2015.??.??"]
[Round "8"]
[White "Lundin, Jan"]
[Black "Andersen, Kim Nyvang"]
[Result "1-0"]
[WhiteElo "2234"]
[BlackElo "2045"]
[PlyCount "61"]
[EventDate "2015.??.??"]
[EventType "swiss"]
[EventRounds "9"]
[EventCountry "DEN"]

1. e4 c5 2. c3 Nf6 3. e5 Nd5 4. d4 cxd4 5. Qxd4 e6 6. Nf3 Nc6 7. Qe4 d6 8. Nbd2
Qc7 9. exd6 Bxd6 10. Nc4 Be7 11. Bd3 f5 12. Qe2 Nf4 13. Bxf4 Qxf4 14. O-O O-O
15. Rad1 Qc7 16. Bc2 b5 17. Ne3 g6 18. Bb3 Rb8 19. Nc2 Nd8 20. Ncd4 Qb6 21.
Rfe1 Kf7 22. Nxe6 Bxe6 23. Nd4 Bxb3 24. Qxe7+ Kg8 25. axb3 Rb7 26. Qh4 a5 27.
h3 Rc7 28. Nxf5 Rxf5 29. Re8+ Rf8 30. Rxf8+ Kxf8 31. Qxd8+ 1-0

[Event "Copenhagen Chess Challenge 2015"]
[Site "Ballerup"]
[Date "2015.??.??"]
[Round "8"]
[White "Risting, Eivind Olav"]
[Black "Haug, Johannes"]
[Result "1/2-1/2"]
[WhiteElo "2107"]
[BlackElo "2309"]
[PlyCount "63"]
[EventDate "2015.??.??"]
[EventType "swiss"]
[EventRounds "9"]
[EventCountry "DEN"]

1. e4 e6 2. d4 d5 3. Nc3 Nf6 4. e5 Nfd7 5. f4 c5 6. Nf3 Nc6 7. Be3 a6 8. Qd2
cxd4 9. Nxd4 Bc5 10. O-O-O O-O 11. Qf2 Bxd4 12. Bxd4 b5 13. Be3 b4 14. Na4 a5
15. g4 Ba6 16. h4 Bxf1 17. Rhxf1 f6 18. Nc5 Nxc5 19. Bxc5 Rf7 20. exf6 Qxf6 21.
Qe3 a4 22. g5 Qf5 23. Rd3 b3 24. cxb3 axb3 25. a3 Na5 26. Rc3 e5 27. Qf3 exf4
28. Bb4 Nb7 29. Rxb3 Rc8+ 30. Rc3 Rxc3+ 31. Qxc3 f3 32. Qc6 1/2-1/2

[Event "Copenhagen Chess Challenge 2015"]
[Site "Ballerup"]
[Date "2015.??.??"]
[Round "8"]
[White "Mitscherling, Andreas"]
[Black "Kyrkjebo, Erlend"]
[Result "1-0"]
[WhiteElo "2221"]
[BlackElo "2074"]
[PlyCount "99"]
[EventDate "2015.??.??"]
[EventType "swiss"]
[EventRounds "9"]
[EventCountry "DEN"]

1. e4 c5 2. c3 Nf6 3. e5 Nd5 4. Na3 Nc6 5. Nf3 d6 6. exd6 Qxd6 7. d4 Bg4 8. Be2
cxd4 9. Nb5 Qd7 10. Nbxd4 e5 11. Nxc6 bxc6 12. Nxe5 Bxe2 13. Qxe2 Qe6 14. Nxc6
Qxe2+ 15. Kxe2 Bc5 16. Rd1 Nf6 17. Be3 Bxe3 18. Kxe3 O-O 19. Kf3 g6 20. Rd4 Kg7
21. Re1 Rfc8 22. Na5 Rab8 23. Nc4 Rc7 24. Re2 Rb5 25. Nd6 Ra5 26. a3 h5 27. h3
g5 28. g4 Kg6 29. Nc4 Rac5 30. Ne5+ Kg7 31. Nd3 Rb5 32. Re5 Rxe5 33. Nxe5 Re7
34. Nc6 Rc7 35. Nb4 hxg4+ 36. hxg4 Nd7 37. Nd3 Nb6 38. Ke2 Re7+ 39. Kd2 Kg6 40.
b3 f5 41. gxf5+ Kxf5 42. c4 Nd7 43. b4 Nf6 44. c5 a6 45. a4 Rc7 46. f3 g4 47.
fxg4+ Nxg4 48. b5 axb5 49. axb5 Ne5 50. Rd5 1-0

[Event "Copenhagen Chess Challenge 2015"]
[Site "Ballerup"]
[Date "2015.??.??"]
[Round "8"]
[White "Sorensen, Per Settergren"]
[Black "Nielsen, Lars Aaes"]
[Result "1-0"]
[WhiteElo "2049"]
[BlackElo "2219"]
[PlyCount "101"]
[EventDate "2015.??.??"]
[EventType "swiss"]
[EventRounds "9"]
[EventCountry "DEN"]

1. e4 e6 2. d4 d5 3. Nc3 Bb4 4. e5 Qd7 5. a3 Bxc3+ 6. bxc3 b6 7. Qg4 f5 8. Qg3
Ba6 9. Bxa6 Nxa6 10. Ne2 O-O-O 11. a4 Nb8 12. a5 Kb7 13. O-O Nc6 14. Bg5 Re8
15. Rfb1 h6 16. Bc1 g5 17. Qd3 Nb8 18. c4 dxc4 19. Qxc4 Ne7 20. Qb3 Nec6 21. c4
Rd8 22. axb6 cxb6 23. c5 Rh7 24. Ba3 Qd5 25. Qb5 Nxd4 26. Nxd4 Qxd4 27. c6+
Nxc6 28. Bc5 Qd3 29. Qa4 Rhd7 30. Bd6 Rxd6 31. exd6 Qxd6 32. Qa6+ Kb8 33. h3
Qc7 34. Rc1 Qd7 35. Rxc6 Qxc6 36. Qxa7+ Kc8 37. Qa3 Qb7 38. Qc3+ Qc7 39. Ra8+
Kd7 40. Ra7 Qxa7 41. Qg7+ Kc6 42. Qxa7 Rd1+ 43. Kh2 Rd6 44. Qa8+ Kc5 45. Qc8+
Kd5 46. Qf8 b5 47. Qxh6 b4 48. Qxg5 Kc4 49. Qc1+ Kb5 50. h4 b3 51. Qc3 1-0

[Event "Copenhagen Chess Challenge 2015"]
[Site "Ballerup"]
[Date "2015.??.??"]
[Round "8"]
[White "Skovgaard, Ib"]
[Black "Dijkhuis, Sven"]
[Result "0-1"]
[WhiteElo "2006"]
[BlackElo "2118"]
[PlyCount "56"]
[EventDate "2015.??.??"]
[EventType "swiss"]
[EventRounds "9"]
[EventCountry "DEN"]

1. e4 c5 2. Nf3 e6 3. d4 cxd4 4. Nxd4 Nc6 5. Nc3 Qc7 6. Be2 Nf6 7. O-O Be7 8.
Kh1 a6 9. f4 d6 10. Be3 O-O 11. Nxc6 bxc6 12. e5 dxe5 13. fxe5 Qxe5 14. Bd4 Qc7
15. Bxf6 Bxf6 16. Rxf6 gxf6 17. Bd3 f5 18. Qh5 Qe5 19. Rf1 f6 20. Qh4 Ra7 21.
Re1 Qd6 22. Re3 Rg7 23. Ne2 e5 24. Rg3 e4 25. Bc4+ Be6 26. Nd4 Qxd4 27. Bxe6+
Kh8 28. Rd3 Qe5 0-1

[Event "Copenhagen Chess Challenge 2015"]
[Site "Ballerup"]
[Date "2015.??.??"]
[Round "8"]
[White "Rewitz, Poul"]
[Black "Karlsson, Ulf"]
[Result "0-1"]
[WhiteElo "2272"]
[BlackElo "2022"]
[PlyCount "174"]
[EventDate "2015.??.??"]
[EventType "swiss"]
[EventRounds "9"]
[EventCountry "DEN"]

1. Nc3 c5 2. d4 cxd4 3. Qxd4 Nc6 4. Qh4 g6 5. e4 Bg7 6. Bd3 d6 7. Nge2 Bd7 8.
O-O Ne5 9. Kh1 Nxd3 10. cxd3 e6 11. Qg3 Bc6 12. d4 Ne7 13. b4 Qd7 14. a4 b6 15.
Ba3 Rd8 16. b5 Bb7 17. Bb4 O-O 18. a5 f5 19. axb6 axb6 20. Ra7 Nc8 21. Ra3 fxe4
22. Qh4 Rfe8 23. Nxe4 Bxe4 24. Qxe4 Qxb5 25. Rb1 Qf5 26. f3 d5 27. Qd3 Qxd3 28.
Rxd3 Nd6 29. Bxd6 Rxd6 30. Kg1 e5 31. dxe5 Bxe5 32. Kf2 Kf7 33. g3 Rc8 34. f4
Bf6 35. g4 Rc2 36. Kf3 Re6 37. Re3 Rxe3+ 38. Kxe3 Rb2 39. Rc1 Rb3+ 40. Kd2 Be7
41. Rc7 Ke8 42. Rb7 b5 43. g5 b4 44. Nd4 Rh3 45. Nc6 Bc5 46. Rb8+ Kd7 47. Ne5+
Kc7 48. Rb5 Rxh2+ 49. Kd3 Rh3+ 50. Ke2 Rc3 51. Nd3 Kc6 52. Rb8 Bd6 53. Nxb4+
Bxb4 54. Rxb4 Rc4 55. Rb1 Rxf4 56. Rh1 Rf7 57. Ke3 Kd6 58. Kd4 Rf4+ 59. Ke3 Rg4
60. Rxh7 Rxg5 61. Rh8 Ke6 62. Re8+ Kf6 63. Rf8+ Kg7 64. Rd8 Rf5 65. Ra8 Kf6 66.
Ra6+ Kg5 67. Ra1 Rf4 68. Rg1+ Kf5 69. Rd1 d4+ 70. Kd3 g5 71. Ra1 g4 72. Ra5+
Kg6 73. Ke2 g3 74. Ra3 Rg4 75. Kf1 g2+ 76. Kg1 Kf5 77. Ra8 Ke4 78. Ra3 Rg7 79.
Ra8 Ke3 80. Re8+ Kd2 81. Rd8 d3 82. Rd6 Ke2 83. Re6+ Kd2 84. Rd6 Rg3 85. Ra6
Ke2 86. Ra3 Re3 87. Kxg2 d2 0-1

[Event "Copenhagen Chess Challenge 2015"]
[Site "Ballerup"]
[Date "2015.??.??"]
[Round "8"]
[White "Hansen, Alex Mehr"]
[Black "Jacobsen, Mikkel Manosri"]
[Result "0-1"]
[WhiteElo "1958"]
[BlackElo "2188"]
[PlyCount "118"]
[EventDate "2015.??.??"]
[EventType "swiss"]
[EventRounds "9"]
[EventCountry "DEN"]

1. e4 c6 2. d4 d5 3. e5 Bf5 4. Bd3 Bxd3 5. Qxd3 e6 6. Nf3 Qa5+ 7. Bd2 Qa6 8.
Qxa6 Nxa6 9. c3 c5 10. a3 Ne7 11. b4 b6 12. O-O Ng6 13. g3 Be7 14. Ne1 O-O 15.
f4 Rfc8 16. Nf3 Nc7 17. a4 Na6 18. b5 Nb8 19. Na3 c4 20. Nc2 a6 21. Rfb1 Nd7
22. g4 axb5 23. axb5 Ra5 24. Rxa5 bxa5 25. f5 Ngf8 26. Bc1 Nb6 27. Ra1 Ra8 28.
Ba3 Bd8 29. Ne3 Nfd7 30. Nd1 Nc8 31. Bc5 Rb8 32. Rb1 Bb6 33. Bxb6 Rxb6 34. fxe6
fxe6 35. Ne1 Na7 36. Nc2 Rxb5 37. Na3 Rxb1 38. Nxb1 Nb5 39. Ne3 Nb6 40. Kf2 Na4
41. Nd1 Kf7 42. h4 Kg6 43. Kf3 h5 44. g5 Nb6 45. Ne3 Nc8 46. Nc2 Ne7 47. Kg3
Kf5 48. Nca3 Nxa3 49. Nxa3 Ke4 50. Nb5 Nf5+ 51. Kh3 Kd3 52. g6 a4 53. Nd6 a3
54. Nxf5 a2 55. Nxg7 a1=Q 56. Nxh5 Qg1 57. Ng3 Ke3 58. g7 Kf3 59. g8=Q Qg2# 0-1

[Event "Copenhagen Chess Challenge 2015"]
[Site "Ballerup"]
[Date "2015.??.??"]
[Round "8"]
[White "Akdag, Dara Sevkan"]
[Black "Marinc, Damir"]
[Result "1-0"]
[WhiteElo "2184"]
[BlackElo "2021"]
[PlyCount "81"]
[EventDate "2015.??.??"]
[EventType "swiss"]
[EventRounds "9"]
[EventCountry "DEN"]

1. Nf3 Nf6 2. c4 c6 3. Nc3 d5 4. d4 dxc4 5. a4 Bf5 6. Ne5 Nbd7 7. Nxc4 Qc7 8.
g3 e5 9. dxe5 Nxe5 10. Bf4 Nfd7 11. Nxe5 Nxe5 12. Bg2 Rd8 13. Qb3 f6 14. a5 a6
15. O-O Qf7 16. Qa4 Qc4 17. Rfd1 Rxd1+ 18. Qxd1 Be7 19. Qd2 O-O 20. Nd5 Bd8 21.
Ne3 Qe6 22. Nxf5 Qxf5 23. Qb4 Qd7 24. Be3 Be7 25. Qb3+ Kh8 26. Rd1 Qc8 27. f4
Nf7 28. Bb6 Bd6 29. Be4 Bc7 30. Bc5 Rd8 31. Bd3 Rd5 32. Rc1 Nd8 33. Be4 Rh5 34.
Bf3 Rh6 35. Qe3 Qd7 36. Bg4 Qf7 37. b4 g6 38. Rd1 f5 39. Qd4+ Kg8 40. Qxd8+
Bxd8 41. Rxd8+ 1-0

[Event "Copenhagen Chess Challenge 2015"]
[Site "Ballerup"]
[Date "2015.??.??"]
[Round "8"]
[White "Kistrup, Nicolai"]
[Black "Moe, Mogens"]
[Result "1-0"]
[WhiteElo "1942"]
[BlackElo "2151"]
[PlyCount "37"]
[EventDate "2015.??.??"]
[EventType "swiss"]
[EventRounds "9"]
[EventCountry "DEN"]

1. d4 Nf6 2. Nf3 g6 3. c4 Bg7 4. Nc3 d5 5. cxd5 Nxd5 6. e4 Nxc3 7. bxc3 O-O 8.
Be2 c5 9. Rb1 Nc6 10. d5 Bxc3+ 11. Bd2 Bxd2+ 12. Qxd2 Na5 13. h4 f6 14. h5 gxh5
15. Ng5 fxg5 16. Qxg5+ Kh8 17. Qxh5 Kg7 18. Qxh7+ Kf6 19. f4 1-0